Patricia Whitehouse v Dr A. H. Loi Lee (Record no. 81593)

MARC details
000 -LEADER
fixed length control field 01421cad a22002055a 4500
001 - CONTROL NUMBER
control field E147647
008 - FIXED-LENGTH DATA ELEMENTS--GENERAL INFORMATION
fixed length control field 090602e20090514xxk 000 0 eng d
035 ## - SYSTEM CONTROL NUMBER
System control number (Sirsi) u147647
041 0# - LANGUAGE CODE
Language code of text/sound track or separate title eng
245 00 - TITLE STATEMENT
Title Patricia Whitehouse v Dr A. H. Loi Lee
Medium [electronic resource]
260 ## - PUBLICATION, DISTRIBUTION, ETC.
Date of publication, distribution, etc. 2009
520 ## - SUMMARY, ETC.
Summary, etc. [2009] EWCA Civ 375, 14 May 2009. Concerns an appeal against an order made in the Central London County Court that W and her husband should give up possession of a flat in which they had lived since 1963 as tenants protected by the Rent Act 1977. The landlord (L) was seeking possession on the ground that suitable alternative accommodation was available, as she wanted to sell the property with vacant possession. W and her husband, however, did not want to move and did not like the alternative property offered. "Held": appeal allowed. The social and emotional effects for W of moving to a new neighbourhood away from the home in which she and her husband had lived for so long outweighed the arguments put forward by L, and meant that the order for possession was not reasonable.
590 ## - LOCAL NOTE (RLIN)
Local note KA
650 24 - SUBJECT ADDED ENTRY--TOPICAL TERM
Topical term or geographic name entry element RENT ACT 1977
650 24 - SUBJECT ADDED ENTRY--TOPICAL TERM
Topical term or geographic name entry element WHITEHOUSE V LEE
651 #4 - SUBJECT ADDED ENTRY--GEOGRAPHIC NAME
Geographic name England and Wales
Chronological subdivision 1543-
690 ## - LOCAL SUBJECT ADDED ENTRY--TOPICAL TERM (OCLC, RLIN)
Topical term or geographic name as entry element PROPERTY-RESIDENTIAL PROPERTY-RESIDENTIAL LANDLORD AND TENANT
856 40 - ELECTRONIC LOCATION AND ACCESS
Uniform Resource Identifier <a href="https://www.bailii.org/ew/cases/EWCA/Civ/2009/375.html">https://www.bailii.org/ew/cases/EWCA/Civ/2009/375.html</a>
Public note View the case free of charge at www.baillii.org...
942 ## - ADDED ENTRY ELEMENTS (KOHA)
Suppress in OPAC 0
Holdings
Withdrawn status Lost status Source of classification or shelving scheme Damaged status Not for loan Home library Current library Shelving location Date acquired Total Checkouts Full call number Barcode Date last seen Copy number Price effective from Koha item type
    Dewey Decimal Classification     Virtual Virtual Online 02/06/2009   ONLINE PUBLICATION 147647-2001 06/08/2019 1 06/08/2019 Law report